| 000 | 01059nam a2200277 i 4500 | ||
|---|---|---|---|
| 001 | bg | ||
| 100 | 1 | _aJędraszczak, Henryk. | |
| 245 | 1 | 0 |
_aSłownik mechaniki okrętowej angielsko-polski = _bAn English-Polish marine engineering dictionary / _cHenryk Jędraszczak, Krzysztof Mastalerz ; Akademia Morska w Szczecinie. |
| 246 | 3 | 1 | _aEnglish-Polish marine engineering dictionary |
| 260 |
_aSzczecin : _bAkademia Morska, _c2007. |
||
| 300 |
_a353, [1] s. ; _c25 cm. |
||
| 504 | _aBibliogr. s. 353. | ||
| 521 | 8 | _aDla studentów wszystkich kierunków Wydziału Mechanicznego, słuchaczy kursów doskonalenia zawodowego oraz pracowników Akademii Morskiej. | |
| 650 | 9 |
_aStatki _xmechanika _xterminologia |
|
| 655 | _aSłowniki angielsko-polskie | ||
| 700 | 1 |
_aMastalerz, Krzysztof _c(język angielski). |
|
| 015 | _aPB 24997/2007 | ||
| 020 | _a9788389901262 | ||
| 040 | _cBPK | ||
| 041 | 0 |
_apol _aeng |
|
| 044 | _aPOL | ||
| 080 | _a629.5(038)=111=162.1 | ||
| 920 | _a978-83-89901-26-2 | ||
| 942 | _cKS | ||
| 008 | 071012s2007 pl d |000 0 pol | ||
| 999 |
_c55062 _d55062 |
||
| 856 |
_uhttp://koha.tu.koszalin.pl/cgi-bin/koha/opac-detail.pl?biblionumber=55062 _yKatalog online BPK |
||